Subjective measures of liberal democracy (Record no. 44000)

000 -LEADER
fixed length control field 01448pab a2200169 454500
008 - FIXED-LENGTH DATA ELEMENTS--GENERAL INFORMATION
fixed length control field 180718b2000 xxu||||| |||| 00| 0 eng d
100 ## - MAIN ENTRY--PERSONAL NAME
Personal name Bollen, Kenneth A.
245 ## - TITLE STATEMENT
Title Subjective measures of liberal democracy
260 ## - PUBLICATION, DISTRIBUTION, ETC.
Date of publication, distribution, etc. 2000
300 ## - PHYSICAL DESCRIPTION
Extent p.58-86
362 ## - DATES OF PUBLICATION AND/OR SEQUENTIAL DESIGNATION
Dates of publication and/or sequential designation Feb
520 ## - SUMMARY, ETC.
Summary, etc. Using democracy in empirical work requires accurate measurement. Yet, most policy and academic research presupposes the accuracy of available measures. This article explores judge-specific measurement errors in cros-national indicators of liberal democracy. The authors evaluate the magnitude of these errors in widely used measures of democracy and determine whether their results replicate during a 17-year period (1972 to 1988). Then, they examine the nature of these systematic errors, hypothesizing that three different processes - (a) the information available for rating, (b) the judges' processing of this information, and (c) the method by which a judge's processing decisions are translated into a rating - could create error. The authors find that for the 17-year period from 1972 to 1988, there is unambiguous evidence of judge-specific measurement errors, which are related to traits of the countries. In the conclusion, the authors discuss the implications for democracy research and for other subjective measures. - Reproduced
650 ## - SUBJECT ADDED ENTRY--TOPICAL TERM
Topical term or geographic name entry element Liberalism
700 ## - ADDED ENTRY--PERSONAL NAME
Personal name Paxton, Pamela
773 ## - HOST ITEM ENTRY
Main entry heading Comparative Political Studies
909 ## -
-- 44000
Holdings
Withdrawn status Lost status Damaged status Not for loan Permanent Location Current Location Date acquired Serial Enumeration / chronology Barcode Date last seen Price effective from Koha item type
        Indian Institute of Public Administration Indian Institute of Public Administration 2018-07-19 Volume no: 33, Issue no: 1 AR44406 2018-07-19 2018-07-19 Articles

Powered by Koha